Chansons de Ninho et Niska - Album GOAT - Statistiques

Statistiques générales
  • Ce quiz a été pris 16 fois
  • Le résultat moyen est 7 sur 16
Statistiques - réponses
Ordre dans l'album Chansons % Correct
01 Boucherie
75%
10 Collabo
75%
13 911
67%
12 Waribana
67%
05 Coco
58%
02 Jungle
58%
04 Guitare
50%
15 Authentique
42%
08 Ghetto Star
42%
09 HAQ
42%
14 Loin d'eux
42%
11 Opinel 12
42%
07 Broly
33%
03 Malsain
25%
06 Du Sal
17%
16 St Pancras
0%
Aucun quiz correspondant
Distribution des résultats
% des personnes avec chaque résultat
Percentile par nombre de réponses
Votre historique - résultats
Vous n’avez pas pris ce quiz